[Event "Superturnier"]
[Site "Computer"]
[Date "2021.10.16"]
[Round "9"]
[White "Saitek RISC 2500 v1.04"]
[Black "Mephisto Berlin Pro 68020"]
[Result "1-0"]
[WhiteElo "2200"]
[BlackElo "2200"]
[Annotator "Pillen,Markus"]
[PlyCount "137"]
[EventDate "2021.??.??"]

{[%evp 0,137,30,30,30,30,22,25,36,31,11,27,28,16,23,11,9,35,12,39,39,6,54,41,
43,42,31,33,35,28,27,31,43,33,34,28,38,24,8,13,24,0,5,0,32,36,48,43,63,44,42,
42,48,41,55,40,48,55,45,29,27,40,47,36,98,96,92,89,89,112,99,99,99,99,200,251,
325,411,411,426,432,432,430,438,432,440,442,446,446,449,458,460,474,444,458,
477,477,483,495,541,541,555,562,564,564,564,658,717,768,832,909,1148,1268,1753,
1753,29999,29973,29974,29975,29976,29977,29982,29983,29976,29985,29986,29987,
29988,29989,29990,29991,29992,29993,29994,29995,29996,29997,29998,29999,-30000]
} 1. e4 e5 2. Nf3 Nf6 3. d4 exd4 4. e5 Ne4 5. Qxd4 d5 6. exd6 Nxd6 7. Qe5+ Qe7
8. Nc3 Be6 9. Nd4 Nd7 10. Qe3 Bc4 11. Ndb5 Nxb5 12. Nxb5 Bxb5 13. Bxb5 c6 14.
Bd3 Qxe3+ 15. Bxe3 Bb4+ 16. c3 Bc5 17. Bf4 O-O 18. O-O-O Nf6 19. Bg3 Rfe8 20.
b4 Bb6 21. Rhe1 Rad8 22. Kc2 g6 23. a4 Ng4 24. Bc4 Rxe1 25. Rxe1 Rd7 26. Re2 a5
27. bxa5 Bxa5 28. f3 Nf6 29. Be5 Nd5 30. Bd4 Kf8 31. g3 Bb6 32. Bxd5 Bxd4 33.
Bxc6 bxc6 34. cxd4 Rxd4 35. Kb3 Rd3+ 36. Kb4 Rxf3 37. a5 Rf5 38. Ra2 Rb5+ 39.
Kc4 Ke7 40. a6 Rb8 41. Kc5 Kd7 42. a7 Ra8 43. Kb6 Kd6 44. Kb7 Rxa7+ 45. Rxa7 f6
46. Ra6 Kd5 47. Rxc6 Ke5 48. Kb6 Kf5 49. Kc5 Ke5 50. Rc7 h5 51. Re7+ Kf5 52.
Kd4 Kg4 53. Re6 Kf5 54. Kd5 g5 55. h3 h4 56. g4+ Kf4 57. Ra6 Kg3 58. Ra3+ Kg2
59. Ke6 Kh2 60. Kxf6 Kg1 61. Ra2 Kf1 62. Kxg5 Ke1 63. Kxh4 Kd1 64. g5 Kc1 65.
g6 Kb1 66. Rh2 Kc1 67. g7 Kd1 68. g8=Q Ke1 69. Qg1# 1-0

[Event "Superturnier"]
[Site "Computer"]
[Date "2021.10.16"]
[Round "9"]
[White "Mephisto RISC 1MB"]
[Black "Saitek RISC 2500 v1.04"]
[Result "1-0"]
[WhiteElo "2200"]
[BlackElo "2200"]
[Annotator "Pillen,Markus"]
[PlyCount "161"]
[EventDate "2021.??.??"]

{[%evp 0,128,30,30,75,60,75,22,39,13,13,16,-11,10,2,18,31,29,34,37,38,23,28,46,
25,4,87,85,89,93,93,93,93,93,93,73,94,83,103,39,39,40,40,-103,-101,-101,-108,
-108,-108,-130,-146,-144,-144,-153,-137,-157,-150,-191,-101,-98,-105,-127,-104,
-157,-130,-181,-160,-166,-198,-265,-260,-255,-269,-285,-285,-335,-314,-385,
-366,-380,-304,-295,-61,-69,-31,-31,-23,-39,0,-36,-38,-38,0,0,82,76,76,76,77,
76,73,81,100,100,98,10,24,0,0,0,0,0,0,0,64,63,54,34,35,14,99,87,106,108,136,
136,205,246,341,386,540]} 1. e4 d6 2. d4 Nf6 3. f3 e5 4. d5 c6 5. c4 Qb6 6. Nc3
Be7 7. Na4 Qc7 8. Be3 Na6 9. Ne2 O-O 10. a3 Bd7 11. b4 cxd5 12. cxd5 Bb5 13.
Rc1 Qd7 14. Nac3 Bc4 15. Ng3 Bxf1 16. Rxf1 Rfc8 17. Rf2 h5 18. Nf5 Bd8 19. Qb3
g6 20. Nh6+ Kg7 21. Rfc2 Bb6 22. Bg5 Rh8 23. Na4 Bd4 24. Nb2 Rxh6 25. Bxh6+
Kxh6 26. Nd1 Qb5 27. Rc4 Bg1 28. h4 Rd8 29. a4 Qd7 30. Kf1 Bd4 31. R4c2 Kg7 32.
Ke1 Bb6 33. Kd2 Nh7 34. Ke2 f5 35. exf5 gxf5 36. Ke1 Nf6 37. a5 Bd4 38. Rb1 Nc7
39. Ne3 Rc8 40. Rbc1 Bxe3 41. Qxe3 Nfxd5 42. Qg5+ Kf8 43. Qxh5 Kg7 44. Qg5+ Kf7
45. Qh5+ Ke6 46. Qg6+ Nf6 47. g4 fxg4 48. fxg4 Ke7 49. Rxc7 Rxc7 50. Qg7+ Kd8
51. Qxf6+ Qe7 52. Qh8+ Kd7 53. Rxc7+ Kxc7 54. g5 Qf7 55. h5 Qc4 56. Qh7+ Kc6
57. b5+ Qxb5 58. Qe4+ d5 59. Qxe5 Qxa5+ 60. Kf1 Qb5+ 61. Kf2 Qb6+ 62. Kg2 Qb3
63. g6 Qc2+ 64. Kg3 Qd3+ 65. Kg4 Qd1+ 66. Kg5 Qg1+ 67. Kf6 Qf1+ 68. Qf5 Qa1+
69. Kf7 Qa5 70. Qe6+ Kc5 71. g7 Qd2 72. h6 Qf2+ 73. Qf6 Qa2 74. g8=Q d4+ 75.
Kf8 Qxg8+ 76. Kxg8 a5 77. h7 a4 78. h8=Q Kb5 79. Qxd4 b6 80. Qhf6 a3 81. Qfxb6#
1-0

[Event "Superturnier"]
[Site "Computer"]
[Date "2021.10.16"]
[Round "9"]
[White "Mephisto Berlin Pro 68020"]
[Black "Fidelity Excel 68020 Mach IV"]
[Result "1-0"]
[WhiteElo "2200"]
[BlackElo "2200"]
[Annotator "Pillen,Markus"]
[PlyCount "107"]
[EventDate "2021.??.??"]

{[%evp 0,95,30,30,51,43,78,62,62,40,42,30,48,48,59,20,24,5,31,26,30,18,16,16,
12,36,15,-57,49,19,10,-20,-6,-24,17,-50,-23,-27,43,0,0,0,0,28,28,21,21,10,10,
10,0,-12,-19,-18,135,158,315,257,272,286,286,309,312,328,481,752,763,780,780,
777,789,808,808,826,850,850,863,864,860,903,926,931,939,949,913,971,983,898,
990,990,1042,1066,1329,2024,1066,2296,29983,29984]} 1. e4 c5 2. Nf3 d6 3. d4
cxd4 4. Nxd4 Nf6 5. Nc3 a6 6. Bg5 e6 7. f4 Be7 8. Qf3 Qc7 9. O-O-O Nbd7 10. g4
b5 11. Bxf6 Nxf6 12. g5 Nd7 13. f5 Nc5 14. f6 gxf6 15. gxf6 Bf8 16. Qh5 Bd7 17.
Bh3 b4 18. Nce2 O-O-O 19. Qxf7 Bh6+ 20. Kb1 Rdf8 21. Qh5 Rxf6 22. Rhf1 Rhf8 23.
Rxf6 Rxf6 24. Qh4 Rg6 25. Rf1 Qd8 26. Qe1 Nxe4 27. Nf4 Bxf4 28. Qxe4 Be5 29.
Qa8+ Kc7 30. Qa7+ Kc8 31. Qxa6+ Kb8 32. Nb5 Bxb5 33. Qxb5+ Kc8 34. Rf7 Rg1+ 35.
Bf1 Rxf1+ 36. Qxf1 Qb6 37. Qg2 d5 38. Qg8+ Qd8 39. Rf8 Qxf8 40. Qxf8+ Kd7 41.
Qxb4 h6 42. Qa4+ Kd6 43. Qe8 Bg7 44. Qg6 Bf8 45. a4 Kd7 46. Qf7+ Be7 47. a5 d4
48. a6 h5 49. a7 d3 50. a8=Q dxc2+ 51. Kxc2 h4 52. Qb8 Kc6 53. Qxe6+ Kc5 54.
Qbb6# 1-0

[Event "Superturnier"]
[Site "Computer"]
[Date "2021.10.16"]
[Round "10"]
[White "Mephisto Berlin Pro 68020"]
[Black "Mephisto RISC 1MB"]
[Result "1-0"]
[WhiteElo "2200"]
[BlackElo "2200"]
[Annotator "Pillen,Markus"]
[PlyCount "109"]
[EventDate "2021.??.??"]

{[%evp 0,94,30,30,46,50,40,38,40,46,46,54,41,39,30,26,9,18,18,18,19,12,19,21,
21,5,0,-1,28,4,0,0,13,-26,10,17,17,0,-8,-12,-16,-15,-35,-25,-16,-12,-13,-14,
-13,-10,-8,-7,-7,-7,-7,-9,-7,-9,-5,-10,1,-8,2,0,1,0,4,6,44,40,43,77,55,63,60,
95,79,96,354,381,452,798,952,987,921,1056,1084,1093,1106,1149,1130,1161,1248,
1295,1731,2042,29258]} 1. e4 e6 2. d4 d5 3. Nd2 c5 4. exd5 Qxd5 5. Ngf3 cxd4 6.
Bc4 Qd6 7. O-O Nf6 8. Nb3 Nc6 9. Nfxd4 Nxd4 10. Qxd4 Qxd4 11. Nxd4 Bd7 12. Bg5
Rc8 13. Bd3 Nd5 14. Rfe1 Bc5 15. c3 O-O 16. Be4 Bxd4 17. cxd4 f6 18. Be3 Nxe3
19. Rxe3 Bc6 20. Rae1 Rfd8 21. Bxc6 Rxc6 22. Rxe6 Rxe6 23. Rxe6 Rxd4 24. Kf1
Kf7 25. Re2 Rd1+ 26. Re1 Rxe1+ 27. Kxe1 Ke6 28. Ke2 Kd5 29. Ke3 h5 30. f3 b5
31. Kf4 Ke6 32. g4 hxg4 33. fxg4 b4 34. h4 a6 35. h5 a5 36. Ke4 a4 37. b3 a3
38. Kd4 Kf7 39. Kc4 g5 40. Kxb4 f5 41. Kc4 fxg4 42. Kd3 Kg7 43. b4 Kh6 44. Ke3
Kxh5 45. b5 Kh6 46. b6 Kh5 47. b7 Kg6 48. b8=Q Kf6 49. Qc8 g3 50. Ke4 Kg6 51.
Qc6+ Kh5 52. Kf5 g2 53. Qb7 Kh6 54. Qf7 g1=Q 55. Qg6# 1-0

[Event "Superturnier"]
[Site "Computer"]
[Date "2021.10.16"]
[Round "10"]
[White "Mephisto Berlin Pro 68020"]
[Black "Saitek RISC 2500 v1.04"]
[Result "1-0"]
[WhiteElo "2200"]
[BlackElo "2200"]
[Annotator "Pillen,Markus"]
[PlyCount "173"]
[EventDate "2021.??.??"]

{[%evp 0,141,30,30,40,50,61,62,62,59,59,59,59,54,58,43,49,48,44,31,25,20,25,19,
12,-1,0,-7,2,-5,-8,-3,3,21,13,6,9,13,21,-11,36,6,82,67,69,61,94,79,87,87,97,92,
101,94,99,85,127,100,106,86,86,82,90,88,143,71,61,61,61,90,89,89,114,114,196,
190,211,240,257,268,297,297,292,300,300,300,318,316,316,319,324,324,328,325,
327,321,327,324,324,325,327,333,340,348,344,346,371,389,387,351,351,356,353,
366,377,390,393,377,398,389,398,398,398,397,414,463,441,443,538,561,573,674,
674,750,833,992,1479,1012,1603,1894,1924,1499,1799,1894]} 1. e4 d5 2. exd5 Qxd5
3. Nc3 Qa5 4. d4 Nf6 5. Nf3 Bf5 6. Bd2 c6 7. Bc4 Qc7 8. O-O e6 9. Bg5 Nbd7 10.
Re1 h6 11. Bh4 Bd6 12. Qe2 O-O 13. Rad1 Rfe8 14. Bg3 Bxg3 15. hxg3 Bg4 16. Ne4
Rad8 17. c3 Nd5 18. Ned2 e5 19. Qd3 g6 20. Bb3 Kg7 21. Bxd5 cxd5 22. dxe5 Nxe5
23. Rxe5 Rxe5 24. Qd4 Bxf3 25. Nxf3 f6 26. Nxe5 fxe5 27. Qxa7 Qc6 28. Qe3 Re8
29. Rd2 b6 30. a3 h5 31. Kh2 Kf6 32. f4 e4 33. Qd4+ Kf7 34. Qxd5+ Qxd5 35. Rxd5
e3 36. Rd1 e2 37. Re1 g5 38. Kg1 gxf4 39. gxf4 Re4 40. g3 h4 41. Kg2 hxg3 42.
Kf3 Re8 43. Rxe2 Rg8 44. Rg2 Rd8 45. Kxg3 Kf6 46. Rh2 Kg6 47. Kg4 Kg7 48. Kg5
Rd1 49. Re2 Kf7 50. f5 Rg1+ 51. Kf4 Rf1+ 52. Ke5 b5 53. Re4 Ke7 54. c4 bxc4 55.
Rxc4 Re1+ 56. Re4 Rb1 57. f6+ Kf7 58. Rb4 Re1+ 59. Kf5 Rf1+ 60. Rf4 Re1 61. a4
Ra1 62. b3 Ra2 63. Ke5 Re2+ 64. Kd5 Re8 65. b4 Ra8 66. b5 Rd8+ 67. Kc6 Ke6 68.
b6 Rc8+ 69. Kb7 Rf8 70. Ka7 Rf7+ 71. b7 Ke5 72. Rf2 Kd4 73. a5 Ke3 74. Rf5 Ke4
75. Rf1 Ke3 76. Ka8 Ke2 77. b8=Q Kxf1 78. Qb1+ Ke2 79. Qa2+ Ke3 80. Qxf7 Kd4
81. a6 Kc5 82. a7 Kd4 83. Kb7 Kc3 84. Qd5 Kb2 85. a8=Q Kc2 86. Qaa2+ Kc3 87.
Qab3# 1-0

[Event "Superturnier"]
[Site "Computer"]
[Date "2021.10.16"]
[Round "10"]
[White "Saitek RISC 2500 v1.04"]
[Black "Mephisto RISC 1MB"]
[Result "0-1"]
[WhiteElo "2200"]
[BlackElo "2200"]
[Annotator "Pillen,Markus"]
[PlyCount "144"]
[EventDate "2021.??.??"]

{[%evp 0,74,30,30,22,-13,13,-11,-2,13,1,-6,20,0,-20,-37,-34,-28,-24,-62,-43,
-74,-53,-79,-21,-82,-92,-110,-70,-47,-72,-83,-83,-101,0,8,54,-41,-46,-57,-45,
-231,-224,-236,-263,-237,-273,-307,-316,-333,-325,-335,-323,-342,-345,-356,
-359,-377,-361,-379,-387,-386,-401,-403,-382,-361,-361,-363,-366,-366,-386,
-375,-298,-299,-299,-312,-327]} 1. e4 e5 2. f4 exf4 3. Nf3 d6 4. Bc4 h6 5. O-O
Be6 6. Bxe6 fxe6 7. Nd4 Qf6 8. Nb5 Na6 9. d4 e5 10. N1c3 c6 11. Na3 b5 12. Qe2
Nc7 13. Qd3 b4 14. Qc4 bxc3 15. Qxc6+ Kd8 16. Nb5 Rc8 17. Nxa7 Rb8 18. Qxc3 Ne7
19. dxe5 Qxe5 20. Rd1 Qxc3 21. Rxd6+ Ke8 22. bxc3 Ra8 23. Nc6 Nb5 24. Nxe7 Nxd6
25. Ng6 Rg8 26. Bxf4 Nxe4 27. Re1 Bc5+ 28. Kf1 Ra4 29. c4 Rxc4 30. Ne5 Ra4 31.
c4 Nc3 32. Nd3+ Be7 33. Bd6 Rf8+ 34. Kg1 Rf7 35. a3 Ra7 36. Bb4 Na4 37. c5 Rc7
38. Re3 Rf6 39. g3 g5 40. Kg2 Kf8 41. Re5 Rd7 42. Re3 Rd5 43. c6 Bxb4 44. Nxb4
Rc5 45. h4 g4 46. Rd3 Nb6 47. Rd4 Nc4 48. Rd3 Rd6 49. Rc3 Rd8 50. Kf2 Kg7 51.
Kg2 Ra8 52. Rd3 Ne5 53. Rb3 Nxc6 54. Nxc6 Rxc6 55. Kf2 h5 56. Rd3 Rca6 57. Rd5
Kh6 58. a4 Rxa4 59. Rd6+ Kg7 60. Rd5 R4a5 61. Rd7+ Kf6 62. Rd6+ Ke5 63. Rb6
Ra2+ 64. Kf1 R8a3 65. Rb7 Ke4 66. Rb1 Kf3 67. Kg1 Kxg3 68. Kf1 Rg2 69. Rd1 Raa2
70. Rd3+ Kh2 71. Rh3+ gxh3 72. Ke1 Ra1# 0-1

[Event "Superturnier"]
[Site "Computer"]
[Date "2021.10.16"]
[Round "10"]
[White "Fidelity Excel 68020 Mach IV"]
[Black "Mephisto Berlin Pro 68020"]
[Result "0-1"]
[WhiteElo "2200"]
[BlackElo "2200"]
[Annotator "Pillen,Markus"]
[PlyCount "154"]
[EventDate "2021.??.??"]

{[%evp 0,154,30,30,46,43,45,17,15,21,22,42,44,37,59,49,56,29,46,31,16,16,33,16,
16,16,2,6,2,-3,-2,-7,-7,-4,-3,-3,-3,-3,-1,6,4,1,9,7,8,2,12,11,11,-3,26,43,43,
41,41,26,31,23,72,23,64,15,0,0,0,0,14,0,0,0,0,0,0,-5,-30,-117,-115,-108,-114,
-105,-112,-102,-112,-104,-104,-104,-111,-113,-108,-109,-109,-121,-126,-121,
-116,-116,-116,-116,-121,-121,-129,-213,-224,-245,-253,-262,-258,-267,-267,
-281,-273,-276,-352,-355,-374,-377,-382,-403,-403,-418,-528,-528,-487,-525,
-608,-635,-1012,-1292,-1924,-29957,-29968,-29969,-29970,-29973,-29974,-29975,
-29976,-29979,-29980,-29983,-29984,-29985,-29986,-29987,-29986,-29987,-29988,
-29991,-29992,-29993,-29994,-29995,-29996,-29997,-29998,-29999,-30000]} 1. e4
c5 2. Nf3 Nc6 3. d4 cxd4 4. Nxd4 Nf6 5. Nc3 d6 6. Bg5 e6 7. Qd2 a6 8. O-O-O h6
9. Bf4 Bd7 10. Nxc6 Bxc6 11. f3 d5 12. exd5 Nxd5 13. Nxd5 Qxd5 14. Kb1 Qxd2 15.
Rxd2 Be7 16. Bd3 Bg5 17. Bxg5 hxg5 18. h3 Rd8 19. Rhd1 Ke7 20. b3 Rd6 21. c4
Rhd8 22. Kc1 e5 23. c5 Rd4 24. Bc4 a5 25. Rxd4 exd4 26. Kd2 Bd7 27. Re1+ Kf6
28. a3 Bc8 29. Bd3 Be6 30. b4 axb4 31. axb4 Ra8 32. Rc1 Ra2+ 33. Rc2 Ke5 34.
Rxa2 Bxa2 35. Ke2 Bd5 36. b5 Be6 37. c6 bxc6 38. bxc6 Kd6 39. Bb5 Kc5 40. Ba4
Bc4+ 41. Kd2 Kd6 42. g3 Bd5 43. Kd3 Bxf3 44. Kxd4 Bg2 45. Bb3 f6 46. h4 gxh4
47. c7 Kxc7 48. gxh4 Kd6 49. Bc2 Ke6 50. h5 f5 51. Ke3 Ke5 52. Bd1 f4+ 53. Kf2
Bd5 54. Ba4 Kf5 55. Be8 Kg5 56. Bg6 Be6 57. Be8 Bg4 58. h6 Kxh6 59. Bf7 g5 60.
Bd5 Kg6 61. Bg2 Be6 62. Kf3 Kf5 63. Bh3+ Ke5 64. Bxe6 Kxe6 65. Ke4 Kf6 66. Kf3
Kf5 67. Kf2 g4 68. Kf1 g3 69. Kg1 f3 70. Kf1 g2+ 71. Kg1 Ke4 72. Kf2 Kf4 73.
Kg1 Ke3 74. Kh2 Kf2 75. Kh3 g1=Q 76. Kh4 Qg6 77. Kh3 Qh5# 0-1